| 000 | 00648nam a2200217Ia 4500 | ||
|---|---|---|---|
| 005 | 20241129110235.0 | ||
| 008 | 241129s9999||||xx |||||||||||||| ||und|| | ||
| 020 | _a978-0-032-72207-6 | ||
| 037 | _aTB | ||
| 040 |
_aARTS _beng _cARTS |
||
| 041 |
_aeng _2eng |
||
| 084 |
_aV2:3(Q) R3 _qARTS |
||
| 100 |
_aHamrah Satgin Ed. _9727546 |
||
| 245 | 0 |
_aContextualizing sectarianism in the mi9ddle East and South Asia: identity, competition and conflict _cHamrah Satgin Ed. |
|
| 260 |
_aUK _bRoutledge _c2011 |
||
| 300 | _ax,179p. | ||
| 365 |
_aINR _b1295 |
||
| 650 | _aHistory-India | ||
| 942 |
_cTB _hV2:3(Q) R3 |
||
| 999 |
_c1227845 _d1227845 |
||